[Event "Lima's game 1"]
[Site "http://www.queenalice.com/game.php?id=544248"]
[Date "2009.2.21"]
[Round "-"]
[White "marcolimasg"]
[Black "leandrodaquimica"]
[Result "0-1"]
[WhiteElo "1251"]
[BlackElo "1260"]

1. Nf3 d5 2. e3 Bg4 3. h3 Bxf3 4. gxf3 e5 5. Bb5+ c6 6. Ba4 b5 7. Bb3 c5 8. e4
dxe4 9. fxe4 c4 10. Bxc4 bxc4 11. d3 cxd3 12. cxd3 Qa5+ 13. Bd2 Bb4 14. a3 Bxd2+
15. Qxd2 Qb6 16. Rg1 g6 17. Nc3 Nc6 18. Na4 Qb5 19. Qc2 Nd4 20. Nc3 Nxc2+ 21.
Kd1 Qxb2 22. Rb1 Qxc3 23. Kc1 Nxa3+ 24. Kd1 Nxb1 25. f4 Qd2# 0-1

[Event "Lima's game 2"]
[Site "http://www.queenalice.com/game.php?id=544251"]
[Date "2009.2.21"]
[Round "-"]
[White "leandrodaquimica"]
[Black "marcolimasg"]
[Result "1-0"]
[WhiteElo "1240"]
[BlackElo "1320"]

1. e4 c6 2. d4 Nf6 3. Bd3 d5 4. e5 Bg4 5. f3 Qa5+ 6. Bd2 Bxf3 7. Nxf3 Na6 8.
Bxa5 Nd7 9. c4 dxc4 10. e6 fxe6 11. Ng5 h6 12. Nxe6 cxd3 13. Nc3 b6 14. Qxd3
bxa5 15. Qxa6 Rb8 16. Qxa5 Rxb2 17. Qd8+ Kf7 18. Qxd7 Rxg2 19. Nd8+ Kg6 20. Qe6+
Kg5 21. Nf7+ Kf4 22. Rf1+ Rf2 23. Rxf2# 1-0

[Event "18!!!!!"]
[Site "http://www.queenalice.com/game.php?id=546564"]
[Date "2009.2.25"]
[Round "-"]
[White "marcolimasg"]
[Black "JeanRezende"]
[Result "0-1"]
[WhiteElo "1121"]
[BlackElo "1179"]

1. e3 e5 2. Nf3 d6 3. Bb5+ c6 4. Bc4 Nd7 5. d4 Nb6 6. Na3 Bg4 7. h3 Bh5 8. g4
Bg6 9. e4 Bxe4 10. Bg5 f6 11. Bd3 Bxf3 12. Qxf3 Na4 13. Bc1 Qb6 14. Be3 Nxb2 15.
dxe5 Nxd3+ 16. Ke2 Nxe5 17. Bxb6 Nxf3 18. Kxf3 axb6 19. Nc4 Ra6 20. Rhe1+ Kd7
21. Rad1 Rxa2 22. Nxb6+ Kc7 23. Rb1 Rxc2 24. Re8 d5 25. Rxf8 Rc3+ 26. Kg2 g5 27.
Rc8+ Kd6 28. Rb8 Ne7 29. Rxb7 Ng6 30. Rd7+ Kc5 31. Na4+ Kc4 32. Rc7 Kd4 33. Rd1+
Rd3 34. Rc1 Rb8 35. R7xc6 Rb5 36. Rxf6 Nh4+ 37. Kh2 Rbb3 38. f3 Rd2+ 39. Kg3 Ra3
40. Nb6 Nxf3 41. Rxf3 Rxf3+ 42. Kxf3 Rd3+ 43. Kg2 Rd2+ 44. Kf1 Rh2 45. Rc5 Rh1+
46. Kg2 Re1 47. Rxd5+ Ke4 48. Rxg5 Kf4 49. Rh5 Re2+ 50. Kf1 Kf3 51. Rxh7 Rb2 52.
Nc4 Rb1# 0-1

[Event "Lima's game 3"]
[Site "http://www.queenalice.com/game.php?id=551261"]
[Date "2009.3.6"]
[Round "-"]
[White "leandrodaquimica"]
[Black "marcolimasg"]
[Result "1/2-1/2"]
[WhiteElo "1406"]
[BlackElo "1103"]

1. d4 Nf6 2. Bg5 e6 3. Nf3 Bb4+ 4. c3 Ba5 5. e3 c6 6. Bxf6 Qxf6 7. Ne5 d6 8. Ng4
Qh4 9. g3 Qg5 10. f4 Qg6 11. h4 e5 12. h5 Qe4 13. Bg2 Qxg2 14. Nf2 Qxg3 15. b4
Qxe3+ 16. Kf1 Bb6 17. fxe5 g6 18. hxg6 fxg6 19. Rh3 Qg5 20. c4 dxe5 21. Rc3 exd4
22. Qe1+ Kd7 23. c5 Bc7 24. Rd3 Qd5 25. Nc3 Qe5 26. Nce4 b6 27. Ng4 Rf8+ 28.
Ngf6+ Ke7 29. Qh4 Rxf6+ 30. Nxf6 Qxf6+ 31. Qf2 bxc5 32. bxc5 Ba6 33. Re1+ Be5
34. Qxf6+ Kxf6 35. Ke2 Nd7 36. Kd2 Nxc5 37. Rf3+ Ke6 38. Rc1 Ne4+ 39. Ke1 Bg3+
40. Kd1 h5 41. Rxc6+ Bd6 42. Rxa6 g5 43. Rd3 Ke5 44. Ra5+ Nc5 45. Kd2 h4 46.
Rda3 g4 47. Ke2 g3 48. Kf1 Rf8+ 49. Kg2 Rf2+ 50. Kg1 Ke4 51. Rxa7 d3 52. R7a4+
Ke3 53. Rxh4 Ke2 54. Rh6 d2 55. Rxd6 d1=Q+ 56. Rxd1 Kxd1 57. Rxg3 Rxa2 58. Rg2
Re2 59. Rxe2 Kxe2 60. Kg2 1/2-1/2

[Event "Lima's game 4"]
[Site "http://www.queenalice.com/game.php?id=551263"]
[Date "2009.3.6"]
[Round "-"]
[White "marcolimasg"]
[Black "leandrodaquimica"]
[Result "0-1"]
[WhiteElo "1176"]
[BlackElo "1294"]

1. Nc3 d6 2. e4 Nf6 3. Nd5 Nxd5 4. exd5 e6 5. c4 exd5 6. cxd5 c6 7. dxc6 Nxc6 8.
Bb5 Qg5 9. d3 Qxb5 10. Qe2+ Be6 11. Nf3 Nb4 12. Kd2 Rc8 13. Nd4 Qa4 14. b3 Qa6
15. Nc2 Nxc2 16. Rb1 Qxa2 17. Bb2 Qxb3 18. Kc1 Nd4+ 19. Kd2 Qc2+ 20. Ke1 Qxe2#
0-1

[Event "supermouze X marcolimasg "]
[Site "http://www.queenalice.com/game.php?id=554161"]
[Date "2009.3.11"]
[Round "-"]
[White "supermouze"]
[Black "marcolimasg"]
[Result "1-0"]
[WhiteElo "1319"]
[BlackElo "1202"]

1. e4 e5 2. Nf3 d5 3. Nxe5 dxe4 4. Nc4 Bb4 5. Qh5 Qd4 6. c3 Qc5 7. Ne5 Ba5 8.
Qxf7+ Kd8 9. Qxg7 Nd7 10. Qxh8 Qxe5 11. Qxg8+ Ke7 12. Qxh7+ Kd6 13. Qh6+ Nf6 14.
d4 Qe6 15. Bf4+ Ke7 16. b4 Bb6 17. Be2 a5 18. Bh5 Nxh5 19. Qxh5 axb4 20. O-O Qf6
21. Bg5 bxc3 22. Qh7+ Ke6 23. Bxf6 Kxf6 24. Nxc3 Bxd4 25. Qh8+ Kf5 26. Qxd4 b6
27. Qd5+ Kf4 28. Qxe4+ Kg5 29. Qxa8 1-0

[Event "13-All BBB's were a shame"]
[Site "http://www.queenalice.com/game.php?id=558406"]
[Date "2009.3.19"]
[Round "-"]
[White "marcolimasg"]
[Black "limaosiciliano"]
[Result "0-1"]
[WhiteElo "1149"]
[BlackElo "1665"]

1. e4 e5 2. Nf3 Nc6 3. c3 Nf6 4. d4 Nxe4 5. dxe5 d5 6. Nbd2 Bf5 7. Bb5 Bc5 8.
O-O O-O 9. b4 Nxc3 10. Qb3 Nxb5 11. bxc5 Nbd4 12. Qxb7 Rb8 13. Qa6 Nb4 14. Qxa7
Ndc6 15. Qa4 Ra8 16. Qxc6 Nxc6 17. Nb3 Re8 18. Bg5 Qd7 19. Nbd4 Nxd4 20. Nxd4
Rxe5 21. Rfe1 Rae8 22. Re3 Rxe3 23. fxe3 Be4 24. c6 Qg4 25. g3 Qxg5 26. h4 Qxg3+
27. Kf1 Bg2+ 28. Ke2 Rxe3+ 29. Kd2 Qf2+ 30. Kd1 Re1# 0-1

[Event "AUTO-BEG-302"]
[Site "http://www.queenalice.com/game.php?id=559029"]
[Date "2009.3.20"]
[Round "1"]
[White "aldav"]
[Black "marcolimasg"]
[Result "0-1"]
[WhiteElo "1485"]
[BlackElo "1111"]

1. d4 e6 2. e3 Bb4+ 3. c3 Bd6 4. Nf3 Nc6 5. Bb5 Nf6 6. Bxc6 dxc6 7. O-O c5 8.
dxc5 Bxc5 9. Qxd8+ Kxd8 10. e4 Nxe4 11. Nbd2 f5 12. Nxe4 fxe4 13. Bg5+ Be7 14.
Bxe7+ Kxe7 15. Ng5 Bd7 16. Nxe4 Bb5 17. Rfd1 Rad8 18. f4 Rhf8 19. g3 h6 20. b3
g5 21. fxg5 hxg5 22. Nxg5 Rd3 23. c4 Rfd8 24. cxb5 Rxd1+ 25. Rxd1 Rxd1+ 0-1

[Event "AUTO-BEG-302"]
[Site "http://www.queenalice.com/game.php?id=559030"]
[Date "2009.3.20"]
[Round "1"]
[White "marcolimasg"]
[Black "aldav"]
[Result "0-1"]
[WhiteElo "1121"]
[BlackElo "1515"]

1. e4 e5 2. Nf3 d6 3. c3 Nf6 4. d4 exd4 5. cxd4 Nxe4 6. Qe2 Bg4 7. Qxe4+ Qe7 8.
Bd3 d5 9. Qe3 g6 10. Qe5 Qxe5+ 11. Nxe5 Be6 12. Bb5+ c6 13. Be2 Bg7 14. Bf4 O-O
15. O-O Bxe5 16. Bxe5 Nd7 17. f4 f5 18. Bd6 Rfe8 19. h3 b6 20. g4 c5 21. gxf5
Bxf5 22. Bg4 Bxg4 23. hxg4 Re6 24. Be5 Nxe5 25. fxe5 cxd4 26. Rd1 Rxe5 27. Rxd4
Rae8 28. Ra4 Re4 29. Nc3 Rxg4+ 30. Kf2 Rf8+ 31. Ke3 Rg3+ 32. Kd2 Rf2+ 33. Ne2
Rgg2 34. Re1 a5 35. b4 Rg4 36. a3 axb4 37. Rxb4 Rxb4 38. axb4 h5 39. Rg1 Kg7 40.
b5 h4 41. Ke1 Rf3 42. Nd4 Rd3 43. Ne6+ Kh6 44. Nf4 Rg3 45. Kf2 Rxg1 46. Kxg1 d4
47. Nd5 d3 48. Nxb6 d2 49. Nc4 d1=Q+ 50. Kf2 Qc2+ 0-1

[Event "AUTO-BEG-302"]
[Site "http://www.queenalice.com/game.php?id=559045"]
[Date "2009.3.20"]
[Round "1"]
[White "lele_leandro"]
[Black "marcolimasg"]
[Result "1-0"]
[WhiteElo "1100"]
[BlackElo "1147"]

1. e4 Nc6 2. Nf3 e5 3. Bb5 Nd4 4. Bc4 a6 5. O-O Bd6 6. Nxd4 exd4 7. c3 dxc3 8.
Nxc3 Qh4 9. g3 Qf6 10. Re1 b5 11. e5 Bxe5 12. Nd5 Qc6 13. Rxe5+ Kd8 14. Qe2 Bb7
15. Re8# 1-0

[Event "AUTO-BEG-302"]
[Site "http://www.queenalice.com/game.php?id=559046"]
[Date "2009.3.20"]
[Round "1"]
[White "marcolimasg"]
[Black "lele_leandro"]
[Result "0-1"]
[WhiteElo "1118"]
[BlackElo "1347"]

1. e4 e5 2. Nf3 Nc6 3. c3 Nf6 4. d4 exd4 5. cxd4 Nxe4 6. Nc3 Nxc3 7. bxc3 d5 8.
Ne5 Qe7 9. Qe2 f6 10. Nxc6 bxc6 11. g3 Qxe2+ 12. Bxe2 Bd6 13. c4 Bb4+ 14. Bd2
Bxd2+ 15. Kxd2 O-O 16. cxd5 cxd5 17. Rac1 Rf7 18. h4 Bf5 19. g4 Bd7 20. Rxc7 Be6
21. Rhc1 a5 22. Rc8+ Rxc8 23. Rxc8+ Bxc8 24. g5 fxg5 25. hxg5 Rxf2 26. Ke3 Rh2
27. Bf3 Rh3 28. Kf4 Rxf3+ 29. Kxf3 h6 30. gxh6 gxh6 31. Kf4 Kg7 32. Ke5 Bb7 33.
Kd6 Kg6 34. Kc7 h5 35. Kxb7 h4 36. Kc6 h3 37. Kxd5 h2 38. Kc5 h1=Q 39. d5 Qc1+
40. Kb5 Qd2 41. Kc6 Qc3+ 42. Kd7 Qf6 43. d6 Kf7 44. Kc7 Ke6 45. d7 Qe7 46. Kc8
Qxd7+ 47. Kb8 Kd6 48. a4 Kc6 49. Ka8 Qb7# 0-1

[Event "AUTO-BEG-302"]
[Site "http://www.queenalice.com/game.php?id=559057"]
[Date "2009.3.20"]
[Round "1"]
[White "marcolimasg"]
[Black "jonamendall"]
[Result "0-1"]
[WhiteElo "1153"]
[BlackElo "1246"]

1. e4 e5 2. Nf3 Nc6 3. c3 Nf6 4. d3 h6 5. h3 Bc5 6. d4 exd4 7. cxd4 Bb4+ 8. Bd2
Bxd2+ 9. Qxd2 Nxe4 10. Qe3 d5 11. Nc3 O-O 12. Nxe4 dxe4 13. Qxe4 Re8 14. Qe2
Rxe2+ 15. Kxe2 Nxd4+ 16. Nxd4 Qxd4 17. Rd1 Qxb2+ 18. Ke1 Qe5+ 19. Kd2 Be6 20.
Re1 Rd8+ 21. Bd3 Qb2+ 22. Ke3 Qd4+ 23. Ke2 Qxd3# 0-1

[Event "AUTO-BEG-302"]
[Site "http://www.queenalice.com/game.php?id=559058"]
[Date "2009.3.20"]
[Round "1"]
[White "jonamendall"]
[Black "marcolimasg"]
[Result "1-0"]
[WhiteElo "1280"]
[BlackElo "1129"]

1. e4 Nf6 2. Nc3 c6 3. Nf3 d5 4. exd5 cxd5 5. d4 Nc6 6. Be2 Bg4 7. Be3 Bxf3 8.
Bxf3 e6 9. O-O Bd6 10. Ne2 Qb6 11. b3 O-O 12. c4 a5 13. c5 Bxc5 14. dxc5 Qc7 15.
Nd4 b6 16. cxb6 Qxb6 17. Nxe6 Qb8 18. Nxf8 Kxf8 19. Bxd5 Nxd5 20. Qxd5 Ne7 21.
Bc5 Ra6 22. Rfe1 Ra7 23. Bxa7 Qxa7 24. Qd8# 1-0

[Event "Challenge"]
[Site "http://www.queenalice.com/game.php?id=563065"]
[Date "2009.3.28"]
[Round "-"]
[White "TulioGalo"]
[Black "marcolimasg"]
[Result "0-1"]
[WhiteElo "978"]
[BlackElo "1124"]

1. d4 e6 2. h3 d6 3. c3 Bd7 4. Nf3 Bc6 5. e3 Bxf3 6. Qxf3 Qf6 7. Qxb7 Qd8 8.
Qxa8 d5 9. Qxa7 g6 10. b3 Bh6 11. a4 Nf6 12. Ba3 Kd7 13. Qb7 Qc8 14. Qb5+ c6 15.
Qc5 Na6 16. Bxa6 Qxa6 17. Qe7+ Kc8 18. Qxf6 Bg7 19. Qxg7 Rd8 20. Qxh7 f5 21.
Qxg6 Qb7 22. Qxe6+ Rd7 23. Qxf5 Qxb3 0-1

[Event "18!!! (2)"]
[Site "http://www.queenalice.com/game.php?id=576585"]
[Date "2009.4.23"]
[Round "-"]
[White "JeanRezende"]
[Black "marcolimasg"]
[Result "1-0"]
[WhiteElo "1245"]
[BlackElo "1136"]

1. e4 e5 2. c4 Bc5 3. Nf3 d6 4. d3 Bg4 5. Be2 f5 6. exf5 Bxf5 7. O-O Qf6 8. a4
Qg6 9. Qb3 Bh3 10. Ng5 Bf5 11. Qxb7 e4 12. dxe4 Bxe4 13. Nxe4 Nf6 14. Ng3 Ng4
15. Qxa8 Qf7 16. Qxb8+ Ke7 17. Qxh8 Bxf2+ 18. Kh1 Qf6 19. Ra3 Qh4 20. Bxg4 Bxg3
21. Qf8# 1-0

[Event "Lima"]
[Site "http://www.queenalice.com/game.php?id=584477"]
[Date "2009.5.7"]
[Round "-"]
[White "leandrodaquimica"]
[Black "marcolimasg"]
[Result "1-0"]
[WhiteElo "1425"]
[BlackElo "1154"]

1. e4 e5 2. Nf3 d6 3. d4 Nf6 4. Bg5 Be7 5. dxe5 Nxe4 6. Bxe7 Qxe7 7. Qd4 f5 8.
exd6 cxd6 9. Bb5+ Nc6 10. O-O Bd7 11. Bxc6 bxc6 12. Re1 O-O 13. Nc3 d5 14. Ne5
c5 15. Qxd5+ Rf7 16. Qxa8+ Rf8 17. Qxa7 Qd6 18. Nxe4 fxe4 19. Nxd7 Rf7 20. Rad1
Rxd7 21. Qxd7 Qxd7 22. Rxd7 e3 23. Rxe3 h5 24. Ree7 Kh7 25. Rxg7+ Kh6 26. h3 h4
27. g4 c4 28. f4 c3 29. Rh7+ Kg6 30. bxc3 1-0

[Event "Challenge"]
[Site "http://www.queenalice.com/game.php?id=593834"]
[Date "2009.5.26"]
[Round "-"]
[White "TulioGalo"]
[Black "marcolimasg"]
[Result "0-1"]
[WhiteElo "1010"]
[BlackElo "1147"]

1. e4 Nf6 2. Nc3 e6 3. f3 Bc5 4. Nge2 Nh5 5. g4 Nf6 6. Nb5 c6 7. Nd6+ Bxd6 8. d3
O-O 9. Bg5 h6 10. Bxf6 Qxf6 11. Nc3 Na6 12. Qe2 Nb4 13. Qe3 Qf4 14. Qxf4 Bxf4
15. Ne2 Nxc2+ 16. Kf2 Nxa1 17. Ng3 d5 18. Be2 Nc2 19. Rc1 Nd4 20. exd5 Bxc1 21.
b3 exd5 22. a4 Nxb3 23. Nf5 Re8 24. h4 Nd2 25. g5 Bxf5 0-1